[Event "6th Agzamov Memorial"]
[Site "Tashkent UZB"]
[Date "2012.03.06"]
[Round "1"]
[White "Aliyev, Kosim"]
[Black "Potapov, P."]
[Result "0-1"]
[WhiteElo "2087"]
[BlackElo "2473"]
[PlyCount "34"]
[EventDate "2012.03.06"]
[EventType "swiss"]
[EventRounds "9"]
[EventCountry "UZB"]
[Source "Mark Crowther"]
[SourceDate "2012.03.12"]

1. d4 f5 2. e3 Nf6 3. Bd3 d6 4. f4 g6 5. Nf3 Bg7 6. O-O O-O 7. Nbd2 Nc6 8. Qe2
Kh8 9. b3 e5 10. fxe5 dxe5 11. dxe5 Ng4 12. Bb2 Ngxe5 13. Nxe5 Nxe5 14. e4 f4
15. Nc4 Qe7 16. Qd2 g5 17. Rf2 Nxc4 0-1

[Event "6th Agzamov Memorial"]
[Site "Tashkent UZB"]
[Date "2012.03.06"]
[Round "1"]
[White "Egin, V."]
[Black "Rahman, Adel"]
[Result "1-0"]
[WhiteElo "2412"]
[BlackElo "2061"]
[PlyCount "85"]
[EventDate "2012.03.06"]
[EventType "swiss"]
[EventRounds "9"]
[EventCountry "UZB"]
[Source "Mark Crowther"]
[SourceDate "2012.03.12"]

1. e4 c5 2. Nf3 Nc6 3. c3 Nf6 4. e5 Nd5 5. d4 cxd4 6. cxd4 d6 7. Bc4 Nb6 8. Bb5
dxe5 9. Nxe5 Bd7 10. Nxd7 Qxd7 11. Nc3 e6 12. O-O Be7 13. Qg4 O-O 14. Bxc6 bxc6
15. Bh6 Bf6 16. Rfd1 Rfd8 17. Ne4 Qe7 18. Rac1 Rac8 19. h4 Rd5 20. Bg5 Bxg5 21.
hxg5 Nd7 22. Rc3 Rd8 23. Qe2 c5 24. Rcd3 c4 25. R3d2 Nb6 26. f4 Qc7 27. g3 Nc8
28. Nc3 R5d7 29. d5 Qc5+ 30. Qf2 Qxf2+ 31. Kxf2 exd5 32. Rxd5 Rxd5 33. Rxd5
Rxd5 34. Nxd5 Kf8 35. Ke3 Ke8 36. Kd4 Kd7 37. Kxc4 Nd6+ 38. Kd3 Nf5 39. g4 Nh4
40. b4 Kd6 41. Ne3 Kc6 42. a4 Kd6 43. Ke4 1-0

[Event "6th Agzamov Memorial"]
[Site "Tashkent UZB"]
[Date "2012.03.06"]
[Round "1"]
[White "Grachev, B."]
[Black "Tokhirjanova, H."]
[Result "1-0"]
[WhiteElo "2705"]
[BlackElo "2178"]
[PlyCount "80"]
[EventDate "2012.03.06"]
[EventType "swiss"]
[EventRounds "9"]
[EventCountry "UZB"]
[Source "Mark Crowther"]
[SourceDate "2012.03.12"]

1. Nf3 c5 2. c4 g6 3. g3 Bg7 4. Bg2 Nc6 5. Nc3 d6 6. O-O e6 7. e3 Nge7 8. d4
O-O 9. d5 exd5 10. cxd5 Ne5 11. Nxe5 Bxe5 12. Qc2 a6 13. b3 b5 14. Bb2 Bg7 15.
Ne4 f6 16. Nxc5 dxc5 17. d6 Rb8 18. dxe7 Qxe7 19. Rfc1 Bb7 20. Qxc5 Qxc5 21.
Rxc5 Bxg2 22. Kxg2 f5 23. Bxg7 Kxg7 24. Rd1 Rb6 25. Rd7+ Rf7 26. Rxf7+ Kxf7 27.
Rc7+ Ke6 28. Rxh7 Rc6 29. Ra7 Kd6 30. h4 Kc5 31. a3 b4 32. axb4+ Kxb4 33. Rb7+
Kc5 34. Kf3 Re6 35. Kf4 Re4+ 36. Kg5 Rg4+ 37. Kf6 a5 38. Rb8 Kc6 39. Rg8 Rb4
40. Ra8 Rxb3 1-0

[Event "6th Agzamov Memorial"]
[Site "Tashkent UZB"]
[Date "2012.03.06"]
[Round "1"]
[White "Ismagambetov, An"]
[Black "Baymuradova, S."]
[Result "1-0"]
[WhiteElo "2471"]
[BlackElo "2086"]
[PlyCount "51"]
[EventDate "2012.03.06"]
[EventType "swiss"]
[EventRounds "9"]
[EventCountry "UZB"]
[Source "Mark Crowther"]
[SourceDate "2012.03.12"]

1. d4 e6 2. c4 d5 3. Nf3 Nf6 4. g3 dxc4 5. Bg2 Bb4+ 6. Bd2 Bxd2+ 7. Qxd2 O-O 8.
Na3 Na6 9. O-O c5 10. Rfd1 cxd4 11. Nxd4 e5 12. Ndb5 Qe7 13. Nxc4 Nc5 14. Rac1
Bg4 15. Qe3 e4 16. Ncd6 b6 17. b4 Ncd7 18. Nxe4 Qxb4 19. Nxf6+ Nxf6 20. Bxa8
Qxb5 21. Bf3 Qh5 22. Rd4 h6 23. Rcd1 Bxf3 24. Qxf3 Qa5 25. a3 b5 26. Qd3 1-0

[Event "6th Agzamov Memorial"]
[Site "Tashkent UZB"]
[Date "2012.03.06"]
[Round "1"]
[White "Khusnutdinov, R."]
[Black "Atabayew, S."]
[Result "1-0"]
[WhiteElo "2500"]
[BlackElo "2105"]
[PlyCount "63"]
[EventDate "2012.03.06"]
[EventType "swiss"]
[EventRounds "9"]
[EventCountry "UZB"]
[Source "Mark Crowther"]
[SourceDate "2012.03.12"]

1. Nf3 c5 2. e4 d6 3. c3 Nf6 4. h3 Bd7 5. Bd3 e6 6. Bc2 Nc6 7. O-O Be7 8. d4
cxd4 9. cxd4 O-O 10. Nc3 e5 11. Be3 a6 12. Rc1 Qa5 13. d5 Na7 14. Nd2 Rfc8 15.
Bd3 b5 16. a3 Qd8 17. b4 Be8 18. Nb3 Nd7 19. Na5 Nb6 20. Ne2 Rxc1 21. Qxc1 Na4
22. Qd2 Nc8 23. Rc1 Bf8 24. Nc6 Qd7 25. Nc3 Nxc3 26. Rxc3 Ne7 27. Qc2 Kh8 28.
Be2 Rc8 29. Bg4 f5 30. Bxf5 Nxf5 31. exf5 Qf7 32. Nxe5 1-0

[Event "6th Agzamov Memorial"]
[Site "Tashkent UZB"]
[Date "2012.03.06"]
[Round "1"]
[White "Kvon, A."]
[Black "Nazarov, R."]
[Result "1-0"]
[WhiteElo "2493"]
[BlackElo "2092"]
[PlyCount "65"]
[EventDate "2012.03.06"]
[EventType "swiss"]
[EventRounds "9"]
[EventCountry "UZB"]
[Source "Mark Crowther"]
[SourceDate "2012.03.12"]

1. c4 Nf6 2. Nc3 g6 3. g3 Bg7 4. Bg2 O-O 5. d3 d6 6. Rb1 c5 7. a3 Nc6 8. b4 Qc7
9. Nf3 e5 10. O-O Be6 11. Ng5 Bd7 12. Be3 h6 13. Nge4 Nxe4 14. dxe4 Nd4 15. Nd5
Qb8 16. Bxh6 Be6 17. Ne7+ Kh7 18. Bxg7 Kxg7 19. e3 Bxc4 20. exd4 Bxf1 21. Bxf1
exd4 22. Qg4 Rh8 23. bxc5 dxc5 24. Bc4 b6 25. Rb3 Qe5 26. Bxf7 Kxf7 27. Nxg6
Qh5 28. Nxh8+ Rxh8 29. Rf3+ Ke7 30. Qg7+ Ke8 31. g4 Qxh2+ 32. Kf1 Qh6 33. Rf8+
1-0

[Event "6th Agzamov Memorial"]
[Site "Tashkent UZB"]
[Date "2012.03.06"]
[Round "1"]
[White "Li, Geo"]
[Black "Atabayev, Y."]
[Result "0-1"]
[WhiteElo "2057"]
[BlackElo "2404"]
[PlyCount "70"]
[EventDate "2012.03.06"]
[EventType "swiss"]
[EventRounds "9"]
[EventCountry "UZB"]
[Source "Mark Crowther"]
[SourceDate "2012.03.12"]

1. d4 Nf6 2. c4 c5 3. Nf3 cxd4 4. Nxd4 e5 5. Nb5 d5 6. cxd5 Bc5 7. N1c3 O-O 8.
e3 a6 9. Na3 b5 10. Nc2 b4 11. Na4 Bd6 12. b3 Bd7 13. Nb2 Ne4 14. Nc4 Bc5 15.
Bb2 Qh4 16. Qf3 f6 17. Bd3 Ng5 18. Qg3 Qh5 19. h4 Nf7 20. e4 a5 21. a4 bxa3 22.
Bxa3 Na6 23. Be2 Qh6 24. Bc1 g5 25. Rh2 Nb4 26. hxg5 Nxc2+ 27. Kf1 Qg7 28. Rxa5
Rxa5 29. Nxa5 Nxg5 30. Qc3 Bb4 31. Qxc2 Bxa5 32. Be3 Rc8 33. Qa2 Bb4 34. f3
Nxe4 35. fxe4 Qg3 0-1

[Event "6th Agzamov Memorial"]
[Site "Tashkent UZB"]
[Date "2012.03.06"]
[Round "1"]
[White "Mamedov, Rau"]
[Black "Sultanov, I."]
[Result "1-0"]
[WhiteElo "2624"]
[BlackElo "2157"]
[PlyCount "76"]
[EventDate "2012.03.06"]
[EventType "swiss"]
[EventRounds "9"]
[EventCountry "UZB"]
[Source "Mark Crowther"]
[SourceDate "2012.03.12"]

1. c4 Nf6 2. Nc3 g6 3. g3 Bg7 4. Bg2 O-O 5. Nf3 d6 6. d4 Nbd7 7. O-O e5 8. b3
Re8 9. e3 Nf8 10. h3 Bd7 11. Bb2 Bc6 12. Qc2 Rb8 13. dxe5 dxe5 14. Rfd1 Qc8 15.
e4 Nh5 16. Kh2 Bd7 17. c5 h6 18. Nd5 f5 19. Qc4 Be6 20. c6 bxc6 21. Qxc6 Qb7
22. Qxb7 Rxb7 23. exf5 Bxd5 24. Rxd5 e4 25. Bxg7 Nxg7 26. Nd4 c5 27. Rxc5 Rd7
28. f6 Rxd4 29. Rc7 Rd7 30. Rxd7 Nxd7 31. fxg7 Nc5 32. Rd1 Kxg7 33. Rd5 Nd3 34.
Bxe4 Nxf2 35. Rd7+ Kf6 36. Rd6+ Ke5 37. Bxg6 Kxd6 38. Bxe8 Nd3 1-0

[Event "6th Agzamov Memorial"]
[Site "Tashkent UZB"]
[Date "2012.03.06"]
[Round "1"]
[White "Sapaev, M."]
[Black "Azarov, S."]
[Result "0-1"]
[WhiteElo "2178"]
[BlackElo "2667"]
[PlyCount "114"]
[EventDate "2012.03.06"]
[EventType "swiss"]
[EventRounds "9"]
[EventCountry "UZB"]
[Source "Mark Crowther"]
[SourceDate "2012.03.12"]

1. e4 c5 2. Nf3 d6 3. Nc3 Nc6 4. d4 cxd4 5. Nxd4 g6 6. Be3 Bg7 7. Be2 Nf6 8.
O-O O-O 9. Qd2 Bd7 10. f3 Rc8 11. Nb3 a6 12. a4 Ne5 13. a5 Nc4 14. Bxc4 Rxc4
15. Qd3 Qc7 16. Bb6 Qc8 17. Bd4 Be6 18. Rfc1 Qc6 19. Nd2 Rb4 20. Ne2 d5 21. e5
Nd7 22. f4 Bg4 23. Nf3 Rc8 24. Bc3 Nc5 25. Qd1 Re4 26. h3 Bxf3 27. gxf3 Ra4 28.
Rab1 Ne6 29. Nd4 Nxd4 30. Bxd4 Qe6 31. Kg2 Bh6 32. c3 Rxa5 33. Qd2 Ra2 34. Kg3
Qf5 35. h4 b5 36. Ra1 Ra4 37. Rxa4 bxa4 38. Be3 Rc4 39. Bd4 e6 40. Rh1 Bf8 41.
Ra1 Be7 42. Qd1 Kg7 43. Qb1 Qxb1 44. Rxb1 Bc5 45. Rd1 Bxd4 46. Rxd4 Rxd4 47.
cxd4 Kf8 48. Kg4 h6 49. h5 Kg7 50. Kh4 f6 51. hxg6 Kxg6 52. Kg4 a5 53. Kh4 h5
54. exf6 Kxf6 55. Kxh5 Kf5 56. Kh6 Kxf4 57. Kg6 Kxf3 0-1

[Event "6th Agzamov Memorial"]
[Site "Tashkent UZB"]
[Date "2012.03.07"]
[Round "1"]
[White "Annaberdiyev, S."]
[Black "Iordachescu, V."]
[Result "0-1"]
[WhiteElo "2171"]
[BlackElo "2644"]
[PlyCount "123"]
[EventDate "2012.03.06"]
[EventType "swiss"]
[EventRounds "9"]
[EventCountry "UZB"]
[Source "Mark Crowther"]
[SourceDate "2012.03.12"]

1. d4 Nf6 2. Nf3 e6 3. Bg5 c5 4. e3 h6 5. Bxf6 Qxf6 6. Nbd2 Qd8 7. c3 cxd4 8.
exd4 Be7 9. Bd3 d6 10. Qe2 Nd7 11. O-O O-O 12. a4 Nf6 13. a5 Bd7 14. Rfe1 Rb8
15. Nc4 Re8 16. Ne3 Bf8 17. Bb5 Bc6 18. Bxc6 bxc6 19. Nc4 Qc7 20. Ra2 c5 21.
dxc5 Qxc5 22. Ne3 d5 23. Nc2 Qc7 24. Ne5 Bd6 25. h3 Rb7 26. Nd4 Ne4 27. Nd3 Qc4
28. Nc1 Rc8 29. Qxc4 Rxc4 30. Nd3 g6 31. Nc2 Kg7 32. Ne3 Rc8 33. Ra4 Nc5 34.
Nxc5 Rxc5 35. Nd1 Rbb5 36. Rd4 Rc6 37. Ra4 Bc7 38. b4 Bd8 39. Re3 Bf6 40. Rd3
Rc4 41. Kf1 d4 42. cxd4 Be7 43. Ne3 Rc1+ 44. Ke2 Rxb4 45. Ra2 Rb5 46. d5 exd5
47. Rxd5 Rxd5 48. Nxd5 Bd8 49. a6 Rc5 50. Ne3 Kf6 51. Ng4+ Ke6 52. Ne3 f5 53.
Ra4 Rc6 54. Nc4 Kd5 55. Kd3 Kc5 56. Ne5 Rd6+ 57. Kc2 Kb5 58. Ra3 Re6 59. Nd3
Bc7 60. Ra1 Rc6+ 61. Kd2 Rxa6 62. Rb1+ 0-1

[Event "6th Agzamov Memorial"]
[Site "Tashkent UZB"]
[Date "2012.03.07"]
[Round "1"]
[White "Eminov, A."]
[Black "Guseinov, G."]
[Result "0-1"]
[WhiteElo "2153"]
[BlackElo "2616"]
[PlyCount "80"]
[EventDate "2012.03.06"]
[EventType "swiss"]
[EventRounds "9"]
[EventCountry "UZB"]
[Source "Mark Crowther"]
[SourceDate "2012.03.12"]

1. e4 c5 2. Nc3 e6 3. g3 a6 4. Bg2 b5 5. Nf3 Bb7 6. d3 Nc6 7. O-O d6 8. Be3 Qc7
9. h3 Nf6 10. Nh4 b4 11. Ne2 d5 12. Bf4 Qd7 13. g4 Be7 14. g5 Nh5 15. exd5 exd5
16. Bd2 h6 17. Ng3 hxg5 18. Nhf5 Nf4 19. Bxf4 gxf4 20. Nxe7 Nxe7 21. Nh5 O-O-O
22. Nxf4 Rh4 23. Qf3 Nf5 24. Rae1 d4 25. Re4 g5 26. Nh5 Nd6 27. Nf6 Qc7 28.
Rfe1 Kb8 29. Qg3 Nxe4 30. dxe4 Qxg3 31. fxg3 Rh6 32. Rf1 d3 33. cxd3 Rxd3 34.
b3 Rd2 35. Ng4 Re6 36. Rxf7 Bxe4 37. Bf1 Rxa2 38. Rg7 Bc6 39. Rxg5 Re1 40. Rxc5
Rg2+ 0-1

[Event "6th Agzamov Memorial"]
[Site "Tashkent UZB"]
[Date "2012.03.07"]
[Round "1"]
[White "Gevorgyan, I."]
[Black "Mchedlishvili, M."]
[Result "0-1"]
[WhiteElo "2162"]
[BlackElo "2626"]
[PlyCount "137"]
[EventDate "2012.03.06"]
[EventType "swiss"]
[EventRounds "9"]
[EventCountry "UZB"]
[Source "Mark Crowther"]
[SourceDate "2012.03.12"]

1. Nf3 c5 2. c4 Nc6 3. d4 cxd4 4. Nxd4 Qb6 5. Nb3 Nf6 6. Nc3 e6 7. e3 Be7 8.
Be2 O-O 9. O-O d6 10. e4 Qc7 11. Be3 b6 12. Rc1 Ne5 13. f3 Bb7 14. Qe1 Rac8 15.
Nd4 Qb8 16. b3 Rfe8 17. Qg3 Ng6 18. Qf2 h5 19. Rfd1 h4 20. h3 a6 21. Bd3 Nd7
22. f4 Nc5 23. Bb1 Bf6 24. b4 Nd7 25. Qf1 Qa8 26. Nf3 Bxc3 27. Rxc3 Nf6 28. Ng5
Bxe4 29. Bxe4 Nxe4 30. Nxe4 Qxe4 31. Rxd6 Ne7 32. Rd4 Qa8 33. Bf2 b5 34. Rc1
Qc6 35. c5 Nf5 36. Rdd1 Qe4 37. a4 Qxb4 38. axb5 axb5 39. Rb1 Qxf4 40. Qxb5 Qe4
41. Rbc1 Qc6 42. Qb4 Rb8 43. Qf4 f6 44. Rb1 Rxb1 45. Rxb1 Qd5 46. Rc1 Rc8 47.
Qg4 g5 48. Rd1 Qc6 49. Ra1 Ra8 50. Rb1 Kg7 51. Qb4 Rc8 52. Ra1 Kg6 53. Qb6 Qd5
54. Re1 Kf7 55. Qa7+ Ne7 56. Rb1 Ra8 57. Qc7 Qc6 58. Qb6 Rc8 59. Qa7 Ra8 60.
Qb6 Qe4 61. Re1 Qd5 62. Rc1 Qc6 63. Rb1 Qc8 64. Qb2 Ra6 65. Qe2 Qa8 66. Re1 Nf5
67. Qb5 Qc6 68. Qb8 Ra2 69. Rb1 0-1

[Event "6th Agzamov Memorial"]
[Site "Tashkent UZB"]
[Date "2012.03.07"]
[Round "1"]
[White "Golod, V."]
[Black "Ismailov, M."]
[Result "1-0"]
[WhiteElo "2561"]
[BlackElo "2133"]
[PlyCount "109"]
[EventDate "2012.03.06"]
[EventType "swiss"]
[EventRounds "9"]
[EventCountry "UZB"]
[Source "Mark Crowther"]
[SourceDate "2012.03.12"]

1. d4 Nf6 2. c4 c5 3. d5 e6 4. Nc3 exd5 5. cxd5 d6 6. e4 g6 7. f4 Bg7 8. Bb5+
Nfd7 9. a4 O-O 10. Nf3 Na6 11. O-O Nb4 12. Re1 a6 13. Bf1 Re8 14. h3 b6 15. Be3
Bb7 16. Bf2 Nf6 17. Qd2 Qc7 18. Bc4 Rad8 19. Bh4 Rd7 20. Re2 h6 21. Rae1 Kh7
22. Qc1 Qb8 23. Rd1 Qa8 24. Qd2 Ng8 25. e5 Ne7 26. e6 fxe6 27. dxe6 Rdd8 28.
Bxe7 Rxe7 29. Nd5 Nxd5 30. Bxd5 Bd4+ 31. Nxd4 Bxd5 32. f5 cxd4 33. Qxd4 gxf5
34. Qf6 Rxe6 35. Qxf5+ Kg7 36. Rxe6 Bxe6 37. Qxe6 Qc8 38. Qe7+ Kg8 39. Rd3 Kh8
40. Qf6+ Kh7 41. Rg3 Rg8 42. Qf7+ Kh8 43. Rxg8+ Qxg8 44. Qxg8+ Kxg8 45. Kf2 h5
46. g4 h4 47. Ke3 Kf7 48. Kf4 Kg6 49. Ke4 Kf6 50. Kd5 Ke7 51. b4 b5 52. axb5
axb5 53. Kc6 Ke6 54. Kxb5 d5 55. Kc5 1-0

[Event "6th Agzamov Memorial"]
[Site "Tashkent UZB"]
[Date "2012.03.07"]
[Round "1"]
[White "Haylaev, A."]
[Black "Megaranto, S."]
[Result "1/2-1/2"]
[WhiteElo "2119"]
[BlackElo "2528"]
[PlyCount "83"]
[EventDate "2012.03.06"]
[EventType "swiss"]
[EventRounds "9"]
[EventCountry "UZB"]
[Source "Mark Crowther"]
[SourceDate "2012.03.12"]

1. Nf3 Nf6 2. c4 d6 3. g3 Bg4 4. Bg2 c6 5. Nc3 g6 6. O-O Bg7 7. d4 O-O 8. h3
Bxf3 9. Bxf3 Nbd7 10. b3 e5 11. dxe5 dxe5 12. Be3 Qe7 13. Qc2 Nc5 14. Rad1 Ne6
15. Rd2 Nd7 16. Rfd1 Nd4 17. Bxd4 exd4 18. Bg2 Rad8 19. Na4 f5 20. c5 Kh8 21.
b4 f4 22. g4 Qh4 23. Nb2 Ne5 24. Qb3 h5 25. Nd3 hxg4 26. Nxe5 Bxe5 27. Qe6 Rf5
28. hxg4 Qxg4 29. Rd3 Bf6 30. a4 Kg7 31. b5 Qh5 32. bxc6 Re5 33. Qh3 Qxh3 34.
Rxh3 bxc6 35. Bxc6 Rxc5 36. Be4 Rb8 37. Kg2 Rh5 38. Rxh5 gxh5 39. Rb1 Rxb1 40.
Bxb1 h4 41. a5 Be5 42. f3 1/2-1/2

[Event "6th Agzamov Memorial"]
[Site "Tashkent UZB"]
[Date "2012.03.07"]
[Round "1"]
[White "Nakyp, Rakhimjan"]
[Black "Khamrakulov, D."]
[Result "0-1"]
[WhiteElo "2086"]
[BlackElo "2452"]
[PlyCount "122"]
[EventDate "2012.03.06"]
[EventType "swiss"]
[EventRounds "9"]
[EventCountry "UZB"]
[Source "Mark Crowther"]
[SourceDate "2012.03.12"]

1. e4 c6 2. Nf3 d5 3. Nc3 dxe4 4. Nxe4 Nd7 5. d4 Ndf6 6. Nxf6+ Nxf6 7. Bd3 Bf5
8. O-O Bxd3 9. Qxd3 e6 10. Bg5 Bd6 11. Rfe1 h6 12. Bh4 Be7 13. Rad1 Qc7 14. Bg3
Bd6 15. Bxd6 Qxd6 16. Qb3 b6 17. c4 O-O 18. Ne5 Rfd8 19. h3 Qc7 20. Qf3 Rd6 21.
Rd3 Rad8 22. Red1 Nh7 23. h4 Nf8 24. Qg3 f6 25. Ng6 Nxg6 26. Qxg6 Qf7 27. Qe4
Qd7 28. b4 b5 29. cxb5 cxb5 30. f4 Rd5 31. Qg6 e5 32. fxe5 fxe5 33. Rf3 Rxd4
34. Rdf1 Rg4 35. Qf7+ Qxf7 36. Rxf7 Rd2 37. Rf8+ Kh7 38. R1f2 Rxf2 39. Kxf2
Rxb4 40. Rb8 a6 41. Kf3 Rxh4 42. g4 Rh2 43. a4 bxa4 44. Ra8 a3 45. Rxa6 a2 46.
Ke4 Rg2 47. Kf3 Rb2 48. Ke4 Rb4+ 49. Kf3 Rb3+ 50. Kf2 Rb2+ 51. Kf3 Kg8 52. Ke4
Rb4+ 53. Kf3 Rb3+ 54. Ke4 Rg3 55. Kf5 Rg2 56. Ra8+ Kh7 57. Kxe5 Rxg4 58. Rxa2
h5 59. Kf5 g6+ 60. Kf6 Kh6 61. Ra5 h4 0-1

[Event "6th Agzamov Memorial"]
[Site "Tashkent UZB"]
[Date "2012.03.07"]
[Round "1"]
[White "Sattarov, B."]
[Black "Kotsur, P."]
[Result "0-1"]
[WhiteElo "2139"]
[BlackElo "2589"]
[PlyCount "84"]
[EventDate "2012.03.06"]
[EventType "swiss"]
[EventRounds "9"]
[EventCountry "UZB"]
[Source "Mark Crowther"]
[SourceDate "2012.03.12"]

1. e4 e6 2. d3 d5 3. Nd2 c5 4. Ngf3 Nc6 5. g3 Bd6 6. Qe2 Nge7 7. Bg2 O-O 8. O-O
Qc7 9. Re1 f6 10. Nh4 g5 11. Nhf3 d4 12. Nc4 e5 13. h4 h6 14. hxg5 hxg5 15.
Bxg5 fxg5 16. Nxg5 Ng6 17. Bh3 Bxh3 18. Qh5 Rf6 19. Qxh3 Nf8 20. Kg2 Qg7 21.
Nxd6 Rxd6 22. f4 exf4 23. Qf5 Ne7 24. Qxc5 Rc6 25. Qb5 Ne6 26. gxf4 Rc5 27. Qb3
Rxg5+ 28. fxg5 Qxg5+ 29. Kf3 Rf8+ 30. Ke2 Qh5+ 31. Kd2 Qh6+ 32. Ke2 Kh8 33. Qb5
Qh2+ 34. Kd1 Rf2 35. Qe8+ Ng8 36. Qa4 Qh6 37. Qb4 Nf6 38. Re2 Ng4 39. Rxf2
Nxf2+ 40. Ke2 Qe3+ 41. Kf1 Qh3+ 42. Ke1 Ng4 0-1

[Event "6th Agzamov Memorial"]
[Site "Tashkent UZB"]
[Date "2012.03.07"]
[Round "1"]
[White "Solodovnichenko, Y."]
[Black "Hamrakulova, Y."]
[Result "1-0"]
[WhiteElo "2615"]
[BlackElo "2150"]
[PlyCount "71"]
[EventDate "2012.03.06"]
[EventType "swiss"]
[EventRounds "9"]
[EventCountry "UZB"]
[Source "Mark Crowther"]
[SourceDate "2012.03.12"]

1. e4 e5 2. Nf3 Nf6 3. Nxe5 d6 4. Nf3 Nxe4 5. d4 d5 6. Bd3 Nc6 7. O-O Be7 8. c4
Nb4 9. Be2 O-O 10. Nc3 Bf5 11. a3 Nxc3 12. bxc3 Nc6 13. Re1 Re8 14. Be3 Bf6 15.
Nd2 Na5 16. cxd5 Qxd5 17. Qa4 c6 18. Bf3 Qd8 19. Bf4 Rxe1+ 20. Rxe1 Bg5 21.
Bxg5 Qxg5 22. Re3 Bd7 23. d5 Qd8 24. Qf4 Rc8 25. h4 cxd5 26. Bxd5 Be8 27. Rg3
Nc6 28. Ne4 Ne7 29. Nf6+ Kh8 30. Rxg7 Kxg7 31. Nh5+ Kg8 32. Qh6 Nf5 33. Nf6+
Qxf6 34. Qxf6 Ng7 35. h5 Nxh5 36. Qf5 1-0

[Event "6th Agzamov Memorial"]
[Site "Tashkent UZB"]
[Date "2012.03.07"]
[Round "2"]
[White "Atabayev, Y."]
[Black "Begmuratov, Alisher"]
[Result "0-1"]
[WhiteElo "2404"]
[BlackElo "2199"]
[PlyCount "78"]
[EventDate "2012.03.06"]
[EventType "swiss"]
[EventRounds "9"]
[EventCountry "UZB"]
[Source "Mark Crowther"]
[SourceDate "2012.03.12"]

1. e4 e5 2. Nf3 Nc6 3. Bb5 Nf6 4. d3 d6 5. c3 g6 6. O-O Bg7 7. d4 O-O 8. Re1
exd4 9. cxd4 Bg4 10. Bxc6 bxc6 11. Nbd2 Nd7 12. h3 Bxf3 13. Nxf3 c5 14. Be3
cxd4 15. Bxd4 Re8 16. Bxg7 Kxg7 17. Rc1 a5 18. Qc2 c5 19. Rcd1 Qf6 20. Rd2 Ne5
21. Nxe5 Qxe5 22. Ree2 Re6 23. Rd5 Qf4 24. f3 a4 25. Red2 Qe3+ 26. Kf1 Qf4 27.
Qc3+ f6 28. Qd3 Rae8 29. Kf2 Qh4+ 30. Kf1 f5 31. Rxd6 Rxd6 32. Qxd6 fxe4 33.
Re2 Rd8 34. Qe5+ Kf7 35. g3 Qxh3+ 36. Kf2 Qh2+ 37. Ke3 Rd3+ 38. Kf4 Rxf3+ 39.
Kg4 Qxe2 0-1

[Event "6th Agzamov Memorial"]
[Site "Tashkent UZB"]
[Date "2012.03.07"]
[Round "2"]
[White "Azarov, S."]
[Black "Temirov, B."]
[Result "1-0"]
[WhiteElo "2667"]
[BlackElo "2322"]
[PlyCount "51"]
[EventDate "2012.03.06"]
[EventType "swiss"]
[EventRounds "9"]
[EventCountry "UZB"]
[Source "Mark Crowther"]
[SourceDate "2012.03.12"]

1. e4 c5 2. Nf3 Nc6 3. d4 cxd4 4. Nxd4 Nf6 5. Nc3 e5 6. Ndb5 d6 7. Bg5 a6 8.
Na3 b5 9. Bxf6 gxf6 10. Nd5 Bg7 11. Bd3 Ne7 12. Nxe7 Qxe7 13. O-O O-O 14. c4
bxc4 15. Nxc4 Rb8 16. Qh5 Rd8 17. Rfe1 Be6 18. b3 f5 19. exf5 Bxc4 20. bxc4 Rb2
21. Be4 Qa7 22. Re3 Qd4 23. Rf1 f6 24. Bd5+ Kh8 25. Rh3 h6 26. Qg6 1-0

[Event "6th Agzamov Memorial"]
[Site "Tashkent UZB"]
[Date "2012.03.07"]
[Round "2"]
[White "Dzhumaev, M."]
[Black "Primbetov, K."]
[Result "0-1"]
[WhiteElo "2494"]
[BlackElo "2220"]
[PlyCount "88"]
[EventDate "2012.03.06"]
[EventType "swiss"]
[EventRounds "9"]
[EventCountry "UZB"]
[Source "Mark Crowther"]
[SourceDate "2012.03.12"]

1. e4 e6 2. d4 d5 3. e5 c5 4. c3 Nc6 5. Nf3 Qb6 6. Be2 cxd4 7. cxd4 Nge7 8. Na3
Nf5 9. Nc2 Bb4+ 10. Kf1 Be7 11. Rb1 a5 12. g4 Nh4 13. Nxh4 Bxh4 14. Be3 Be7 15.
Kg2 Bd7 16. f4 Nb4 17. a3 Nxc2 18. Qxc2 Rc8 19. Qd2 Bb5 20. Bf3 O-O 21. Rbc1
Bc4 22. Rc3 a4 23. Bf2 Rc6 24. f5 Rfc8 25. Rhc1 Qd8 26. Bd1 b5 27. f6 gxf6 28.
Bc2 fxe5 29. Qh6 e4 30. Rh3 Bg5 31. Qxh7+ Kf8 32. Be1 Qf6 33. Bb4+ Ke8 34. Re1
Kd7 35. Bd1 Bd3 36. Rxd3 Rh8 37. Rh3 Rxh7 38. Rxh7 Rc2+ 39. Bxc2 Qf3+ 40. Kg1
Qxg4+ 41. Kh1 Qf3+ 42. Kg1 Be3+ 43. Rxe3 Qxe3+ 44. Kg2 Qg5+ 0-1

[Event "6th Agzamov Memorial"]
[Site "Tashkent UZB"]
[Date "2012.03.07"]
[Round "2"]
[White "Esenov, An"]
[Black "Turov, M."]
[Result "0-1"]
[WhiteElo "2321"]
[BlackElo "2658"]
[PlyCount "108"]
[EventDate "2012.03.06"]
[EventType "swiss"]
[EventRounds "9"]
[EventCountry "UZB"]
[Source "Mark Crowther"]
[SourceDate "2012.03.12"]

1. e4 c6 2. d4 d5 3. Nc3 dxe4 4. Nxe4 Nf6 5. Nxf6+ gxf6 6. Nf3 Bf5 7. Bd3 e6 8.
Bf4 Nd7 9. O-O Bg6 10. c4 Bg7 11. Re1 O-O 12. h4 Re8 13. Qc2 Qa5 14. g4 Rad8
15. Re2 Bxd3 16. Qxd3 Ne5 17. Bxe5 fxe5 18. Ng5 h6 19. Rxe5 Qc7 20. Qh7+ Kf8
21. Nf3 Rxd4 22. Re4 Rxe4 23. Qxe4 Bxb2 24. Rb1 Bg7 25. Kg2 Rd8 26. g5 b6 27.
Rb3 hxg5 28. Nxg5 Rd4 29. Qf3 Rf4 30. Qh5 Qe5 31. Qd1 Qd4 32. Qxd4 Bxd4 33. Rf3
Rxf3 34. Nxf3 Bf6 35. Kg3 b5 36. cxb5 cxb5 37. Nd2 a5 38. Ne4 Bd4 39. Kf3 b4
40. Ke2 a4 41. Kd3 b3 42. a3 b2 43. Kc2 Kg7 44. f3 Kg6 45. Nd6 f5 46. Nb5 e5
47. Nd6 f4 48. Kb1 Kh5 49. Nf5 Bc5 50. Ng7+ Kxh4 51. Kxb2 Kg3 52. Ne6 Be7 53.
Kc3 Kxf3 54. Kc4 Ke3 0-1

[Event "6th Agzamov Memorial"]
[Site "Tashkent UZB"]
[Date "2012.03.07"]
[Round "2"]
[White "Faizulaev, A."]
[Black "Mamedov, Rau"]
[Result "0-1"]
[WhiteElo "2310"]
[BlackElo "2624"]
[PlyCount "68"]
[EventDate "2012.03.06"]
[EventType "swiss"]
[EventRounds "9"]
[EventCountry "UZB"]
[Source "Mark Crowther"]
[SourceDate "2012.03.12"]

1. e4 c5 2. c3 d6 3. d4 Nf6 4. Bd3 Qc7 5. Nf3 Bg4 6. O-O Nc6 7. Be3 e6 8. Nbd2
Be7 9. Qb1 O-O 10. b4 h6 11. h3 Bxf3 12. Nxf3 Rac8 13. Rc1 Nd7 14. a4 Qd8 15.
Ra2 b6 16. Rd2 Qc7 17. Bb5 Ncb8 18. Ra2 a6 19. Bf1 Qb7 20. bxc5 dxc5 21. e5
Rfd8 22. Bd3 Qc7 23. Rd1 Nf8 24. Rad2 a5 25. Be4 cxd4 26. cxd4 Bb4 27. Rc2 Qe7
28. Rxc8 Rxc8 29. d5 exd5 30. Bxd5 Nbd7 31. Qf5 Bc5 32. Bf4 Rd8 33. Bg3 g6 34.
Qe4 Nf6 0-1

[Event "6th Agzamov Memorial"]
[Site "Tashkent UZB"]
[Date "2012.03.07"]
[Round "2"]
[White "Farid, F."]
[Black "Solodovnichenko, Y."]
[Result "1/2-1/2"]
[WhiteElo "2251"]
[BlackElo "2615"]
[PlyCount "108"]
[EventDate "2012.03.06"]
[EventType "swiss"]
[EventRounds "9"]
[EventCountry "UZB"]
[Source "Mark Crowther"]
[SourceDate "2012.03.12"]

1. e4 c5 2. Nf3 e6 3. d3 Nc6 4. Nbd2 g6 5. g3 Bg7 6. Bg2 Nge7 7. O-O O-O 8. Re1
e5 9. Nf1 d6 10. c3 b5 11. Be3 b4 12. d4 bxc3 13. bxc3 exd4 14. cxd4 d5 15.
exd5 Nxd5 16. Bg5 f6 17. Bc1 c4 18. Ba3 Ncb4 19. N3d2 a5 20. Nxc4 Bb7 21. Nxa5
Rxa5 22. Bxb4 Nxb4 23. Bxb7 Kh8 24. a3 Nd5 25. Ne3 Nxe3 26. Rxe3 f5 27. Rd3 Qd7
28. Qd2 Ra4 29. Bg2 Qd6 30. Rd1 Rxa3 31. Rxa3 Qxa3 32. d5 Qd6 33. Qe3 f4 34.
Qe4 Qc5 35. Bf3 Qd6 36. Kg2 fxg3 37. hxg3 Rd8 38. Re1 Bf6 39. Qc4 Be5 40. Qc6
Kg7 41. Rb1 Rf8 42. Rb3 Qf6 43. Re3 h5 44. Qe6 Qxe6 45. dxe6 Bf6 46. Bc6 Be7
47. Bd5 h4 48. gxh4 Bxh4 49. f3 Be7 50. Re4 g5 51. Bc4 Rf4 52. Rxf4 gxf4 53.
Kh3 Kf6 54. Kg4 Bd6 1/2-1/2